| 000 | 00499cam a2200205ua 4500 | ||
|---|---|---|---|
| 001 | 7819 | ||
| 008 | 141224n ii |||gr||||Z||||||eng | ||
| 020 | _a9788131761915 | ||
| 040 | _cMAIN | ||
| 041 | _aeng | ||
| 082 | _a001 | ||
| 100 |
_aThorpe, S., _eEditor. |
||
| 245 | 1 |
_aConcise general knowledge manual 2012 _cEdited by Showick Thorpe |
|
| 250 | _a1st. | ||
| 260 |
_aNew Delhi: _bPearson, _c2012. |
||
| 300 | _avii,354p. | ||
| 653 | _aKnowledge | ||
| 653 | _aGeneral knowledge | ||
| 942 | _cBK | ||
| 999 |
_c6939 _d6939 |
||